000 00733 a2200205 4500
001 54486
005 20260407155817.0
008 260407a1972 arg spa d
003 AR-UNSa-BCEJYS
040 _aAR-UNSa-BCEJYS
_bspa
_cAR-UNSa-BCEJYS
080 _a328
_xParlamentos. Representación del pueblo. Gobiernos
245 1 0 _aLas bancas parlamentarias
_psu pertenencia
264 1 _aBuenos Aires :
_bAstrea
_c1972
300 _a128 p.
_c18 cm.
505 _a1. Introducción – 2. Relación entre la representación política y los partidos políticos – 3. Pertenencia de las bancas en los cuerpos deliberativos.
041 _aspa
942 _cBK
590 _aniveau_biblio:m niveau_hierar:0
100 1 _aCastagno, Antonio
999 _c5585
_d5585